000 00530nam a2200181Ia 4500
999 _c31688
_d31688
003 OSt
005 20200728103433.0
008 190216s9999||||xx |||||||||||||| ||und||
020 _a9788120818712
040 _coclc
082 _a510.954
_bWIL/C
100 _aWilliams, Kenneth
_93807
245 0 _aThe Cosmic Calculator /
_cKenneth Williams ; Mark Gaskell
260 _bMotilal Benasidas,
_c2002.
_aDelhi:
300 _a195p
650 _aMathematics
942 _cBK
_2ddc
_h510.954
_iWIL/C
_k510.954
_mWIL/C